La mujer en el tiempo de las cruzadas
Bewaard in:
| Hoofdauteur: | |
|---|---|
| Formaat: | Boek |
| Taal: | Spaans |
| Gepubliceerd in: |
Madrid
Rialp
1991
|
| Onderwerpen: | |
| Tags: |
Voeg label toe
Geen labels, Wees de eerste die dit record labelt!
|
MARC
| LEADER | 00000nam a2200000 a 4500 | ||
|---|---|---|---|
| 001 | UCP9962 | ||
| 003 | CL-VaPUC | ||
| 008 | 000407e19910000SP |||||||||||||||||spa|d | ||
| 082 | 0 | 4 | |a 305.409 |b PER |2 21 |
| 100 | 0 | |a Pernoud, Régine |e author |9 440951 | |
| 245 | 1 | 3 | |a La mujer en el tiempo de las cruzadas |
| 300 | |a 370 p | ||
| 942 | |c BK | ||
| 945 | |d 20000407 00:00:00 |a rherrera | ||
| 260 | |a Madrid |b Rialp |c 1991 | ||
| 600 | 0 | 7 | |a LEONOR DE AQUITANA |2 CL-VaPUC |9 440952 |
| 600 | 0 | 7 | |a ISABEL DE JERUSALEN |2 CL-VaPUC |9 440953 |
| 600 | 0 | 7 | |a REINA MELISENDA |2 CL-VaPUC |9 440954 |
| 650 | 0 | |a Historia de Europa |9 392003 | |
| 650 | 0 | |a Mujeres |9 257649 | |
| 650 | 0 | |a Cruzadas |9 319513 | |
| 650 | 0 | |a Grupos sociales |9 268887 | |
| 650 | 7 | |a REINO DE JERUSALEN |2 CL-VaPUC |9 440955 | |
| 651 | 0 | |a Europa |9 255156 | |
| 651 | 0 | |a Jerusalén |9 313609 | |
| 583 | |a last modification |c 20000407 00:00:00 |k Rodrigo Vera | ||
| 999 | |c 286742 |d 286740 | ||
| 952 | |0 0 |1 0 |4 0 |6 305_409000000000000_PER_1991 |7 0 |8 A |9 332849 |a BIBHIS |b BIBHIS |d 2019-11-20 |i 1263625 |o 305.409 PER 1991 |p 1263625 |r 2025-01-20 |w 2019-11-20 |y BK |k HIS | ||